Bản đồ học chuyên đề
v.v...
Đã lưu trong:
| Tác giả chính: | |
|---|---|
| Định dạng: | Sách |
| Năm xuất bản: |
H.
Giáo dục
2001
|
| Chủ đề: | |
| Tags: |
Thêm thẻ
Không có thẻ, Hãy là người đầu tiên gắn thẻ bản ghi này!
|
| LEADER | 02365nam a2200277 4500 | ||
|---|---|---|---|
| 082 | |a 912 |b B 105 đ | ||
| 100 | |a Lê Huỳnh | ||
| 245 | |a Bản đồ học chuyên đề |c Lê Huỳnh, Lê Ngọc Nam, Vũ Bích Vân | ||
| 260 | |a H. |b Giáo dục |c 2001 | ||
| 300 | |a 240tr. |c 24cm | ||
| 520 | |a v.v... | ||
| 653 | |a Địa lý | ||
| 653 | |a Bản đồ học | ||
| 653 | |a Chuyên đề | ||
| 942 | |2 ddc |c STK0 | ||
| 999 | |c 5875 |d 5875 | ||
| 952 | |0 0 |1 0 |2 ddc |4 0 |6 912_000000000000000_B_105_Đ |7 0 |8 900 |9 54093 |a qbu |b qbu |c D5 |d 2014-12-30 |g 19500 |o 912 B 105 đ |p 4419.C1 |r 0000-00-00 |w 2014-12-30 |y STK0 |0 0 |6 912_B_105000000000000_Đ | ||
| 952 | |0 0 |1 0 |2 ddc |4 0 |6 912_000000000000000_B_105_Đ |7 0 |8 900 |9 54094 |a qbu |b qbu |c D5 |d 2014-12-30 |g 19500 |l 5 |m 4 |o 912 B 105 đ |p 4419.C2 |q 2022-02-09 |r 2021-11-09 |s 2021-11-09 |w 2014-12-30 |y STK0 |0 0 |6 912_B_105000000000000_Đ | ||
| 952 | |0 0 |1 0 |2 ddc |4 0 |6 912_000000000000000_B_105_Đ |7 0 |8 900 |9 54095 |a qbu |b qbu |c D5 |d 2014-12-30 |g 19500 |o 912 B 105 đ |p 4419.C3 |r 0000-00-00 |w 2014-12-30 |y STK0 |0 0 |6 912_B_105000000000000_Đ | ||
| 952 | |0 0 |1 0 |2 ddc |4 0 |6 912_000000000000000_B_105_Đ |7 0 |8 900 |9 54096 |a qbu |b qbu |c D5 |d 2014-12-30 |g 19500 |o 912 B 105 đ |p 4419.C4 |r 0000-00-00 |w 2014-12-30 |y STK0 |0 0 |6 912_B_105000000000000_Đ | ||
| 952 | |0 0 |1 0 |2 ddc |4 0 |6 912_000000000000000_B_105_Đ |7 0 |8 900 |9 54097 |a qbu |b qbu |c D5 |d 2014-12-30 |g 19500 |o 912 B 105 đ |p 4419.C5 |r 0000-00-00 |w 2014-12-30 |y STK0 |0 0 |6 912_B_105000000000000_Đ | ||
| 952 | |0 0 |1 0 |2 ddc |4 0 |6 912_000000000000000_B_105_Đ |7 0 |8 900 |9 54098 |a qbu |b qbu |c D5 |d 2014-12-30 |g 19500 |l 1 |o 912 B 105 đ |p 4419.C6 |r 2016-04-26 |s 2016-04-21 |w 2014-12-30 |y STK0 |0 0 |6 912_B_105000000000000_Đ | ||
| 952 | |0 0 |1 0 |2 ddc |4 0 |6 912_000000000000000_B_105_Đ |7 0 |8 900 |9 54099 |a qbu |b qbu |c D5 |d 2014-12-30 |g 19500 |l 2 |m 1 |o 912 B 105 đ |p 4419.C7 |r 2015-04-09 |s 2015-04-02 |w 2014-12-30 |y STK0 |0 0 |6 912_B_105000000000000_Đ | ||
| 952 | |0 0 |1 0 |2 ddc |4 0 |6 912_000000000000000_B_105_Đ |7 0 |8 900 |9 54100 |a qbu |b qbu |c D5 |d 2014-12-30 |g 19500 |o 912 B 105 đ |p 4419.C8 |r 0000-00-00 |w 2014-12-30 |y STK0 |0 0 |6 912_B_105000000000000_Đ | ||
| 952 | |0 0 |1 0 |2 ddc |4 0 |6 912_000000000000000_B_105_Đ |7 0 |8 900 |9 54101 |a qbu |b qbu |c D5 |d 2014-12-30 |g 19500 |o 912 B 105 đ |p 4419.C9 |r 0000-00-00 |w 2014-12-30 |y STK0 |0 0 |6 912_B_105000000000000_Đ | ||
| 952 | |0 0 |1 0 |2 ddc |4 0 |6 912_000000000000000_B_105_Đ |7 0 |8 900 |9 54102 |a qbu |b qbu |c D5 |d 2014-12-30 |g 19500 |o 912 B 105 đ |p 4419.C10 |r 0000-00-00 |w 2014-12-30 |y STK0 |0 0 |6 912_B_105000000000000_Đ | ||